Boys Names that start with C - Statistics

General Stats
  • This quiz has been taken 481 times
  • The average score is 13 of 31
Answer Stats
Answer % Correct
Charles
84%
Christopher
82%
Cameron
76%
Carl
74%
Christian
67%
Colin
64%
Conor
64%
Carter
56%
Cole
52%
Cody
51%
Chase
46%
Chad
45%
Caleb
44%
Carlos
44%
Carson
44%
Cory
44%
Calvin
43%
Clayton
37%
Colton
37%
Craig
36%
Clinton
35%
Cooper
35%
Casey
33%
Chance
30%
Curtis
30%
Corbin
26%
Chandler
25%
Casper
21%
Conrad
13%
Carsten
6%
Conroy
2%
No matching quizzes found
Score Distribution
Percent of People with Each Score
Percentile by Number Answered
Your Score History
You have not taken this quiz